BUBT Library Online Catalog

মিসির আলির চশমা / (Record no. 5893)

000 -LEADER
fixed length control field 00614nam a22001817a 4500
003 - CONTROL NUMBER IDENTIFIER
control field BUBTL
008 - FIXED-LENGTH DATA ELEMENTS--GENERAL INFORMATION
fixed length control field 190305b xxu||||| |||| 00| 0 eng d
020 ## - INTERNATIONAL STANDARD BOOK NUMBER
International Standard Book Number 984-868-466-2
082 ## - DEWEY DECIMAL CLASSIFICATION NUMBER
Classification number 891.443 / AHM
100 ## - MAIN ENTRY--PERSONAL NAME
9 (RLIN) 1703
Personal name আহমেদ,হুমায়ূন
245 ## - TITLE STATEMENT
Title মিসির আলির চশমা /
Statement of responsibility, etc. হুমায়ূন আহমেদ
260 ## - PUBLICATION, DISTRIBUTION, ETC. (IMPRINT)
Place of publication, distribution, etc. ঢাকা :
Name of publisher, distributor, etc. অন্য প্রকাশ,
Date of publication, distribution, etc. c2008
300 ## - PHYSICAL DESCRIPTION
Extent 80 p. :
Dimensions 21.5 cm.
650 #0 - SUBJECT ADDED ENTRY--TOPICAL TERM
9 (RLIN) 1687
Topical term or geographic name as entry element বাংলা সাহিত্য
856 ## - ELECTRONIC LOCATION AND ACCESS
Password 0
Logon 0
Link text Download
942 ## - ADDED ENTRY ELEMENTS (KOHA)
Source of classification or shelving scheme
Koha item type Books
Holdings
Withdrawn status Lost status Source of classification or shelving scheme Damaged status Not for loan Collection code Permanent location Current location Shelving location Date acquired Inventory number Total Checkouts Total Renewals Full call number Barcode Date last seen Date last checked out Copy number Price effective from Koha item type Source of acquisition
          Fiction Bangladesh University of Business and Technology Library Bangladesh University of Business and Technology Library Fiction 10/19/2016 22498 22 3 891.443 / AHM BUBTL-200322498 04/22/2024 04/01/2024 C-1 03/05/2019 Books  
          Fiction Bangladesh University of Business and Technology Library Bangladesh University of Business and Technology Library Fiction 10/19/2016 22497 11   891.443 / AHM BUBTL-200322497 02/06/2024 01/24/2024 C-2 01/10/2022 Books Purchase

More Information About Library

Library Hours

  • Open: 9.00 am. to 9.00 pm.
  • Only Sunday: 9.00 am. to 6.00 pm.
  • Closed: Holiday

Contact to the University

Bangladesh University of Business and Technology Library

  • Mirpurl-2, 1216.
  • Phone:
  • Fax:
  • E-Mail: admin.library@bubt.edu.bd

Contact to the Library

Contact Person:

Md. Abdul Hakim Shah
Joint Librarian
PABX No:  113
Cell No: 01816332931
E-mail: official: admin.library@bubt.edu.bd
Personal: hakim.shah@bubt.edu.bd


BUBT Library

Copyright © 2021